000 00371nam a2200145Ia 4500
008 230917s9999||||xx |||||||||||||| ||und||
040 _e158660
_aMAIN
041 _aEnglish
082 _a346.0134 R137W
100 _aRaizada, R K
245 0 _aWomen and the law: problems and prospects
260 _aRohtak
_bThe Bright law House
_c1996
300 _avp p.
942 _cBK
999 _c95953
_d95953